01049cam a2200277 4500001001400000005001700014008004100031020003100072040003200103041001300135044001100148072006500159080002100224100003500245240004000280245013200320264002700452300002300479336002600502337002900528338002900557500009300586655003100679655003000710700003100740vtls01201847120220131080910.0210317s2021 xo gr 000 f slo  a9788055173832q(viazané) aTTKJFbslocTTKJFdSNKerda1 asloheng axocSK 7a821.111-3xAnglická próza, anglicky písaná2konspekt a821.111-31220111 aBeckerman, Hannah,d1977-4aut10aIf Only I Could Tell YoulSlovensky10aKeby si len vedelacHannah Beckerman ; z anglického originálu If Only I Could Tell You ... preložila Anna Kolčiterová 1aBratislavabIkarc2021 a342 stránc21 cm atextbtxt2rdacontent abez médiabn2rdamedia azväzokbnc2rdacarrier aObsahuje stručné biografické údaje o autorke na záložke prebalu publikácie 7aanglické romány2SNKPH 7aEnglish fiction2SNKPHeng1 aKolčiterová, Anna4trl